000 00407nam a22001697a 4500
003 MPLRDC
005 20220104114550.0
008 210129b ||||| |||| 00| 0 eng d
082 _a220.8 XFBD v.61
100 _a司兆成编著
245 _a禅的故事
_c
260 _a
_b常春树书坊
_c1988
300 _b
490 _a学佛必读. 61
650 _a佛教丛书
942 _cBK
_o220.8 XFBD v.61
999 _c8470
_d8460